Statystyki dla Rozpoznaj piłkarza po karierze- PKO Ekstraklasa 2022/23 #1

Kliknij tutaj aby rozwiązać quiz!

Ogólne statystyki

  • Ten quiz został rozwiązany 61 razy
  • Średni wynik to 5 z 10

Statystyki odpowiedzi

Kariera klubowaPiłkarz% Poprawnych
2013-2014 Polonia Bytom (34M, 8G, 4A)
2014-2017 Miedź Legnica (11M, 0G, 0A)
2015-2016 Stal Mielec (Wypożyczenie) (34M, 7G, 9A)
2016-2017 Ruch Chorzów (Wypożyczenie) (19M, 1G, 1A)
2017-2018 Ruch Chorzów (17M, 2G, 1A)
2018 Stal Mielec (Wypożyczenie) (15M, 6G, 0A)
2018-2020 Stal Mielec (72M, 24G, 24A)
2020-2022 Górnik Zabrze (71M, 15G, 11A)
2022- Raków Częstochowa (24M, 6G, 4A)
Bartosz Nowak
77%
2012-2022 Zagłębie Lubin (114M, 0G, 0A)
2015 Chojniczanka (Wypożyczenie) (14M, 0G, 0A)
2022- Legia Warszawa (2M, 0G, 0A)
Dominik Hładun
74%
2018- Lech Poznań (116M, 11G, 3A)Filip Marchwiński
64%
2010-2012 Wisła Płock (30M, 0G, 0A)
2012-2015 Ruch Chorzów (45M, 0G, 0A)
2015-2020 Júbilo Iwata (154M, 0G, 0A)
2020- Wisła Płock (82M, 0G, 0A)
Krzysztof Kamiński
51%
2011-2017 Ruch Chorzów (135 meczów, 1 gol, 11 asyst)
2017-2022 Piast Gliwice (164M, 5G, 24A)
2022- Śląsk Wrocław (15M, 0G, 3A)
Martin Konczkowski
51%
2013-2014 Legionovia Legionowo (32M, 2G, 0A)
2014- Jagiellonia Białystok (292M, 31G, 16A)
Taras Romanczuk
40%
2020-2022 Internacional Porto Alegre (17M, 0G, 0A)
2021-2022 FC Porto B (Wypożyczenie) (19G, 0G, 3A)
2022- Pogoń Szczecin (13M, 0G, 0A)
Leo Borges
32%
2012-2016 VSS Kosice (59M, 4G, 0A)
2016-2019 Dunajska Streda (116M, 3G, 3A)
2019- Piast Gliwice (84M, 2G, 0A)
Tomas Huk
32%
2017-2018 Lech II Poznań (20M, 1G, 0A)
2019-2020 AS Roma U-19 (Wypożyczenie) (9M, 0G, 0A)
2020-2021 Miedź Legnica (14M, 0G, 0A)
2021- Warta Poznań (11M, 0G, 0A)
Wiktor Plesnierowicz
26%
2018- Cracovia (59M, 9G, 3A)
2020-2021 Puszcza Niepołomice (Wypożyczenie) (30M, 0G, 6A)
Michał Rakoczy
25%

Rozkład punktacji

Percentyl według liczby udzielonych odpowiedzi

Procent ludzi z każdym wynikiem

Twoja historia wyników

Nie rozwiązałeś tego quizu